000 00775nam a2200241Ia 4500
003 OSt
005 20250604144002.0
008 220926b |||||||| |||| 00| 0 eng d
037 _cReference Collections
040 _aRTL
_cRTL
_beng
041 _2eng
_aeng
084 _aA0gF M0/SC
_qRTL
100 _aAgashe S. D. and others
_9371129
245 2 _aScience, technology and social change: A book of readings
260 _aBombay
_bUniversity of Bombay
_c1980
300 _axiii, 381 p.
650 _aScientific method
_9231124
650 _aTechnology - development
_9811732
700 _aGupta, Amitabha
700 _aValicha, Kishore
_9580229
942 _hA0gF M0/SC
_cREF
_2CC
_n0
999 _c691366
_d691366